Flora Zambesiaca: (Record no. 120746)
[ view plain ]
| 000 -LEADER | |
|---|---|
| fixed length control field | 01607cam a2200325 4500 |
| 001 - CONTROL NUMBER | |
| control field | 9434962 |
| 003 - CONTROL NUMBER IDENTIFIER | |
| control field | ARRUPE |
| 005 - DATE AND TIME OF LATEST TRANSACTION | |
| control field | 20140612142351.0 |
| 008 - FIXED-LENGTH DATA ELEMENTS--GENERAL INFORMATION | |
| fixed length control field | 820707m19609999enkab b 001 0 eng |
| 010 ## - LIBRARY OF CONGRESS CONTROL NUMBER | |
| LC control number | 68129770 |
| Canceled/invalid LC control number | 2010467642 |
| -- | 2012518843 |
| 040 ## - CATALOGING SOURCE | |
| Original cataloging agency | DLC |
| Transcribing agency | DLC |
| Modifying agency | DLC |
| 043 ## - GEOGRAPHIC AREA CODE | |
| Geographic area code | fc----- |
| 050 00 - LIBRARY OF CONGRESS CALL NUMBER | |
| Classification number | QK400 |
| Item number | .F55 |
| 300 ## - PHYSICAL DESCRIPTION | |
| Other physical details | illus. (part col.) maps (1 fold. col. in pocket) |
| Dimensions | 23-24 cm. |
| 245 00 - TITLE STATEMENT | |
| Title | Flora Zambesiaca: |
| Remainder of title | Mozambique, Federation of Rhodesia and Nyasaland, Bechuanaland Protectorate. |
| 260 ## - PUBLICATION, DISTRIBUTION, ETC. (IMPRINT) | |
| Place of publication, distribution, etc | London, |
| Name of publisher, distributor, etc | Published on behalf of the Governments of Portugal, the Federation of Rhodesia and Nyasaland, and the United Kingdom by the Crown Agents for Oversea Governments and Administrations, |
| Date of publication, distribution, etc | 1960-<2012> |
| 300 ## - PHYSICAL DESCRIPTION | |
| Extent | v. <v. 1, pt. 1-2, v. 2, pt. 1-2, v. 3, pts. 1, 4, v. 4, v. 13, pt. 2> |
| 500 ## - GENERAL NOTE | |
| General note | Subtitle of <v. 3, pt. 4, v. 13, pt. 2>: Mozambique, Malawi, Zambia, Zimbabwe, Botswana. |
| 500 ## - GENERAL NOTE | |
| General note | Editors vary. |
| 500 ## - GENERAL NOTE | |
| General note | Publisher of <v. 3, pt. 4, v. 13, pt. 2>: Published by the Royal Botanic Gardens, Kew, for the Flora Zambesiaca Managing Committee. |
| 504 ## - BIBLIOGRAPHY, ETC. NOTE | |
| Bibliography, etc | Includes bibliographical references and indexes. |
| 650 #0 - SUBJECT ADDED ENTRY--TOPICAL TERM | |
| Topical term or geographic name as entry element | Plants |
| Geographic subdivision | Africa, Central. |
| 9 (RLIN) | 10964 |
| 650 #0 - SUBJECT ADDED ENTRY--TOPICAL TERM | |
| Topical term or geographic name as entry element | Plants |
| General subdivision | Mozambique. |
| 9 (RLIN) | 10965 |
| 700 1# - ADDED ENTRY--PERSONAL NAME | |
| Personal name | Exell, A. W. |
| Fuller form of name | (Arthur Wallis), |
| Dates associated with a name | 1901- |
| Relator term | ed. |
| 9 (RLIN) | 10966 |
| 700 1# - ADDED ENTRY--PERSONAL NAME | |
| Personal name | Wild, H. |
| Fuller form of name | (Hiram), |
| Relator term | ed. |
| 9 (RLIN) | 10967 |
| 700 1# - ADDED ENTRY--PERSONAL NAME | |
| Personal name | Fernandes, A. |
| Fuller form of name | (AbĂlio), |
| Dates associated with a name | 1906- |
| Relator term | ed. |
| 9 (RLIN) | 10968 |
| 906 ## - LOCAL DATA ELEMENT F, LDF (RLIN) | |
| a | 7 |
| b | cbc |
| c | premver |
| d | 1 |
| e | ncip |
| f | 19 |
| g | y-gencatlg |
| 942 ## - ADDED ENTRY ELEMENTS (KOHA) | |
| Source of classification or shelving scheme | Library of Congress Classification |
| Koha item type | SPC |
| Withdrawn status | Lost status | Source of classification or shelving scheme | Damaged status | Not for loan | Collection code | Home library | Current library | Shelving location | Date acquired | Total Checkouts | Full call number | Barcode | Date last seen | Price effective from | Koha item type |
|---|---|---|---|---|---|---|---|---|---|---|---|---|---|---|---|
| Library of Congress Classification | SPECIAL Collection | ARRUPE LIBRARY | ARRUPE LIBRARY | Main Collection | 12/06/2014 | SPC QK400 .F56 | 46500000547 | 12/06/2014 | 12/06/2014 | SPC |